000
00346nam a2200145Ia 4500
003
OSt
005
20240108110612.0
008
170524s9999 xx 000 0 und d
020
_a
9788171324224
040
_c
IIMT UNIVERSITY
100
_a
CHATURVEDI- NP
245
0
_a
JANSANCHAR EVAM PATRAKARITA
260
_b
POINTER : JAIPUR
942
_2
ddc
_c
01
999
_c
9029
_d
9029